| 000 | 00497nam a2200181Ia 4500 | ||
|---|---|---|---|
| 008 | 221030s9999 xx 000 0 und d | ||
| 020 | _a0074624717 | ||
| 041 | _aEnglish | ||
| 082 |
_a105.23 _bTre |
||
| 100 | _aJ. P. Tremblay | ||
| 245 | 3 |
_aAn Introduction To Data Structures With Applications ( DEPARTMENTAL ) _cby J. P. Tremblay, P. G. Sorenson |
|
| 250 | _a2nd | ||
| 260 |
_bTMH _aNew Delhi _c2002 |
||
| 300 | _a861 | ||
| 650 | _aCSE Departmental | ||
| 700 | _aP. G. Sorenson | ||
| 942 | _cBK | ||
| 999 |
_c5961 _d5961 |
||